[Event "Benidorm op U2000 17th"]
[Site "Benidorm"]
[Date "2018.12.02"]
[Round "3"]
[White "Raimundo Medina, Fermin"]
[Black "Moya Albaladejo, Jose Antonio"]
[Result "0-1"]
[WhiteElo "1867"]
[BlackElo "1953"]
[PlyCount "84"]
[EventDate "2018.11.30"]
[EventType "swiss"]
[EventRounds "10"]
[EventCountry "ESP"]
[SourceTitle "EXT 2022"]
[Source "ChessBase"]
[SourceDate "2021.10.06"]
[SourceVersion "1"]
[SourceVersionDate "2021.10.06"]
[SourceQuality "1"]

1. e4 e5 2. Nf3 Nc6 3. d4 exd4 4. Nxd4 Bc5 5. Nb3 Bb6 6. Qe2 a5 7. a4 Nge7 8. Nc3 0-0 9. Bg5 f6 10. Be3 Bxe3 11. Qxe3 f5 12. f4 fxe4 13. 0-0-0 d5 14. Nxe4 Bg4 15. Rd2 Re8 16. Qg3 Ng6 17. Nc3 Be6 18. Bb5 Rf8 19. Qe3 Qf6 20. g3 Nb4 21. Nd4 Bf7 22. Nb3 c6 23. Be2 Rfe8 24. Qb6 Qd8 25. Qf2 Ne7 26. g4 Nc8 27. h4 b6 28. h5 Ra7 29. h6 Qf6 30. hxg7 Qxg7 31. Bf3 Rae7 32. Ne2 Re3 33. Ng3 Nd6 34. Nd4 Qf6 35. Ngf5 Ne4 36. Qxe3 Na2+ 37. Kb1 Nec3+ 38. bxc3 Rxe3 39. Nxe3 Nxc3+ 40. Kb2 Nxa4+ 41. Ka3 Qe7+ 42. Kxa4 Qb4# 0-1

[Event "Mislata op-C 52nd"]
[Site "Mislata"]
[Date "2018.08.09"]
[Round "5"]
[White "Crespo Diaz, David"]
[Black "Raimundo Medina, Fermin"]
[Result "1-0"]
[WhiteElo "1581"]
[BlackElo "1869"]
[PlyCount "68"]
[EventDate "2018.08.06"]
[EventType "swiss"]
[EventRounds "9"]
[EventCountry "ESP"]
[SourceTitle "EXT 2024"]
[Source "ChessBase"]
[SourceDate "2023.10.10"]
[SourceVersion "1"]
[SourceVersionDate "2023.10.10"]
[SourceQuality "1"]

1. c4 Nf6 2. g3 g6 3. Bg2 Bg7 4. Nf3 0-0 5. 0-0 d6 6. Nc3 e5 7. e4 Nc6 8. d3 h6 9. Nd5 Be6 10. Bd2 Kh7 11. b4 Qd7 12. Nxf6+ Bxf6 13. b5 Ne7 14. Rb1 Bg7 15. Ne1 Bg4 16. f3 Bh3 17. Nc2 Bxg2 18. Kxg2 f5 19. f4 Rf7 20. Qe2 Raf8 21. Nb4 c6 22. a4 fxe4 23. dxe4 exf4 24. gxf4 Re8 25. Qd3 Ng8 26. f5 gxf5 27. exf5 Be5 28. Kh1 Rf6 29. Rbe1 Ref8 30. Rxe5 Qc7 31. Re6 Ne7 32. Rxf6 Rxf6 33. Bc3 Rf7 34. f6+ Ng6 1-0

[Event "Mislata op-C 52nd"]
[Site "Mislata"]
[Date "2018.08.07"]
[Round "3"]
[White "Luque Saiz, Javier"]
[Black "Raimundo Medina, Fermin"]
[Result "0-1"]
[WhiteElo "1726"]
[BlackElo "1869"]
[PlyCount "58"]
[EventDate "2018.08.06"]
[EventType "swiss"]
[EventRounds "9"]
[EventCountry "ESP"]
[SourceTitle "EXT 2024"]
[Source "ChessBase"]
[SourceDate "2023.10.10"]
[SourceVersion "1"]
[SourceVersionDate "2023.10.10"]
[SourceQuality "1"]

1. e4 c5 2. Nf3 d6 3. d4 cxd4 4. Nxd4 Nf6 5. Nc3 a6 6. h3 e6 7. g4 h6 8. Bg2 Qc7 9. Be3 Nc6 10. Qd2 Bd7 11. a3 Ne5 12. 0-0-0 Nc4 13. Qd3 Rc8 14. Nde2 Nxe3 15. Qxe3 b5 16. Nd4 b4 17. axb4 Qc4 18. Qd3 Qxb4 19. Qxa6 e5 20. Nb3 Be7 21. Qd3 0-0 22. f3 Rb8 23. h4 Be6 24. Nd5 Bxd5 25. exd5 Rfc8 26. Kb1 Nd7 27. Qd2 Qa4 28. Bf1 Ra8 29. Qd3 Nc5 0-1

[Event "Mislata op-C 51st"]
[Site "Mislata"]
[Date "2017.08.10"]
[Round "5.1"]
[White "Garcia Grueso, Jose Manuel"]
[Black "Raimundo Medina, Fermin"]
[Result "1-0"]
[WhiteElo "1719"]
[BlackElo "1880"]
[PlyCount "50"]
[EventDate "2017.08.07"]
[EventType "swiss"]
[EventRounds "9"]
[EventCountry "ESP"]
[SourceTitle "EXT 2024"]
[Source "ChessBase"]
[SourceDate "2023.10.10"]
[SourceVersion "1"]
[SourceVersionDate "2023.10.10"]
[SourceQuality "1"]

1. e4 c5 2. Nf3 d6 3. d4 cxd4 4. Nxd4 Nf6 5. Nc3 a6 6. Bc4 e6 7. 0-0 Be7 8. Bb3 0-0 9. f4 Qc7 10. f5 e5 11. Nde2 Nbd7 12. Nd5 Nxd5 13. Bxd5 Nf6 14. Nc3 Rb8 15. Bg5 Qc5+ 16. Kh1 Nxd5 17. Nxd5 Bxg5 18. Qh5 Bh6 19. Nf6+ Kh8 20. Rf3 Qxc2 21. Rh3 Qd2 22. Rd1 Qc2 23. Re1 Qc7 24. g4 Bxf5 25. Qxf5 Rg8 1-0

[Event "Benimodo U2200 op 11th"]
[Site "Benimodo"]
[Date "2016.08.21"]
[Round "7"]
[White "Apolo Sanchez, Manuel"]
[Black "Raimundo Medina, Fermin"]
[Result "1-0"]
[WhiteElo "1997"]
[BlackElo "1836"]
[PlyCount "121"]
[EventDate "2016.08.19"]
[EventType "swiss"]
[EventRounds "7"]
[EventCountry "ESP"]
[SourceTitle "EXT 2024"]
[Source "ChessBase"]
[SourceDate "2023.10.10"]
[SourceVersion "1"]
[SourceVersionDate "2023.10.10"]
[SourceQuality "1"]

1. d4 Nf6 2. Nc3 g6 3. e4 d6 4. f4 Bg7 5. Bc4 0-0 6. Nf3 c5 7. dxc5 dxc5 8. Qxd8 Rxd8 9. e5 Ne8 10. Be3 e6 11. Bxc5 b6 12. Be7 Rd7 13. Bh4 Bb7 14. 0-0 Na6 15. Rad1 Rc7 16. Rd4 Bf8 17. Nb5 Rc6 18. Bf2 Bc5 19. Rd7 Bc8 20. Rd8 Bxf2+ 21. Rxf2 Rxc4 22. Nd6 Rc5 23. Nxe8 Bb7 24. Rfd2 Bxf3 25. Nf6+ Kg7 26. gxf3 Rac8 27. c3 Rc4 28. Rxc8 Rxc8 29. Rd7 Nc5 30. Rxa7 Nd3 31. Ne4 Nxb2 32. Rxf7+ Kg8 33. Rb7 Na4 34. Nf6+ Kf8 35. Nxh7+ Kg8 36. Nf6+ Kf8 37. Ne4 Nxc3 38. Nxc3 Rxc3 39. Kg2 Rc2+ 40. Kg3 Rxa2 41. Rxb6 Kf7 42. Rb7+ Kf8 43. Rh7 Ra1 44. h4 Rg1+ 45. Kh2 Rf1 46. Kg2 Rb1 47. h5 Rb2+ 48. Kg3 gxh5 49. Rxh5 Rb1 50. f5 exf5 51. Rxf5+ Ke7 52. Rf6 Rb4 53. f4 Rb1 54. Kg4 Rg1+ 55. Kf5 Rh1 56. Rg6 Rh5+ 57. Rg5 Rh1 58. Rg7+ Kf8 59. Ra7 Rf1 60. Kg5 Rg1+ 61. Kf6 1-0

[Event "Benimodo U2200 op 11th"]
[Site "Benimodo"]
[Date "2016.08.21"]
[Round "6"]
[White "Raimundo Medina, Fermin"]
[Black "Gonzalvez Tamarit, Ruben"]
[Result "1/2-1/2"]
[WhiteElo "1836"]
[BlackElo "1974"]
[PlyCount "64"]
[EventDate "2016.08.19"]
[EventType "swiss"]
[EventRounds "7"]
[EventCountry "ESP"]
[SourceTitle "EXT 2024"]
[Source "ChessBase"]
[SourceDate "2023.10.10"]
[SourceVersion "1"]
[SourceVersionDate "2023.10.10"]
[SourceQuality "1"]

1. e4 e5 2. Nf3 Nc6 3. d4 exd4 4. Nxd4 Bc5 5. Nb3 Bb6 6. Qe2 d6 7. Nc3 Be6 8. Be3 Nf6 9. h3 Qe7 10. f3 Nh5 11. Bf2 Qg5 12. Qd2 Qxd2+ 13. Nxd2 Nd4 14. Rc1 0-0 15. Na4 Nc6 16. Nxb6 axb6 17. a3 Rfe8 18. g4 Nf6 19. Bg3 Rad8 20. Kf2 Nd7 21. f4 f6 22. Bd3 g5 23. Nf3 h6 24. c3 Kg7 25. Nd4 Nc5 26. Bb1 Bc8 27. Rhe1 gxf4 28. Bxf4 Ne5 29. Rcd1 Kg6 30. Nf5 Bxf5 31. exf5+ Kg7 32. Kg3 Nf7 1/2-1/2

[Event "Benimodo U2200 op 11th"]
[Site "Benimodo"]
[Date "2016.08.20"]
[Round "3"]
[White "Cortes Marti, Javier"]
[Black "Raimundo Medina, Fermin"]
[Result "0-1"]
[WhiteElo "2082"]
[BlackElo "1836"]
[PlyCount "88"]
[EventDate "2016.08.19"]
[EventType "swiss"]
[EventRounds "7"]
[EventCountry "ESP"]
[SourceTitle "EXT 2024"]
[Source "ChessBase"]
[SourceDate "2023.10.10"]
[SourceVersion "1"]
[SourceVersionDate "2023.10.10"]
[SourceQuality "1"]

1. d4 Nf6 2. c4 g6 3. Nc3 Bg7 4. e4 d6 5. f3 0-0 6. Be3 c5 7. dxc5 dxc5 8. Qxd8 Rxd8 9. Bxc5 Nc6 10. Rd1 Rxd1+ 11. Kxd1 Nd7 12. Be3 Bxc3 13. bxc3 b6 14. Ne2 Ba6 15. Nd4 Nxd4 16. cxd4 Rc8 17. Kd2 Bxc4 18. Bxc4 Rxc4 19. Rc1 Rxc1 20. Kxc1 e6 21. Kb2 Kf8 22. Kb3 Ke7 23. Kc4 a6 24. a4 Kd6 25. Bf4+ e5 26. Bg3 h5 27. h4 f6 28. f4 exd4 29. f5+ Ne5+ 30. Kxd4 gxf5 31. exf5 b5 32. axb5 axb5 33. Bh2 b4 34. Bxe5+ fxe5+ 35. Kc4 Ke7 36. Kxb4 Kf6 37. Kc4 Kxf5 38. Kd5 Kf4 39. g3+ Kf5 40. Kc4 Ke4 41. Kc5 Kf3 42. Kd5 e4 43. g4 e3 44. g5 e2 0-1

[Event "Sueca op 2nd"]
[Site "Sueca"]
[Date "2016.07.28"]
[Round "5.16"]
[White "Folch Zaragoza, Jose"]
[Black "Raimundo Medina, Fermin"]
[Result "1/2-1/2"]
[WhiteElo "1939"]
[BlackElo "1869"]
[PlyCount "62"]
[EventDate "2016.07.25"]
[EventType "swiss"]
[EventRounds "8"]
[EventCountry "ESP"]
[SourceTitle "EXT 2024"]
[Source "ChessBase"]
[SourceDate "2023.10.10"]
[SourceVersion "1"]
[SourceVersionDate "2023.10.10"]
[SourceQuality "1"]

1. e4 c5 2. Nc3 e6 3. f4 d5 4. Bb5+ Nc6 5. Nf3 dxe4 6. Nxe4 Bd7 7. d3 Be7 8. 0-0 Nf6 9. Bd2 0-0 10. Qe1 a6 11. Bxc6 Bxc6 12. Rd1 c4 13. Bc3 Nxe4 14. dxe4 Qb6+ 15. Kh1 Rfd8 16. Qg3 Bf8 17. Bd4 Qa5 18. Rfe1 Qh5 19. Ne5 Bxe4 20. Ng4 Bg6 21. Re5 f5 22. Nf2 Be7 23. Qe3 Bf6 24. c3 Bf7 25. g4 Qh4 26. Rg1 Rxd4 27. cxd4 Rd8 28. gxf5 Bxe5 29. Qxe5 Qh6 30. Ng4 Qh3 31. fxe6 Qf3+ 1/2-1/2

[Event "Sueca op 2nd"]
[Site "Sueca"]
[Date "2016.07.28"]
[Round "4.6"]
[White "Fos Santacreu, Juan Andres"]
[Black "Raimundo Medina, Fermin"]
[Result "1-0"]
[WhiteElo "2261"]
[BlackElo "1869"]
[PlyCount "77"]
[EventDate "2016.07.25"]
[EventType "swiss"]
[EventRounds "8"]
[EventCountry "ESP"]
[SourceTitle "EXT 2024"]
[Source "ChessBase"]
[SourceDate "2023.10.10"]
[SourceVersion "1"]
[SourceVersionDate "2023.10.10"]
[SourceQuality "1"]

1. d4 Nf6 2. c4 g6 3. Nc3 Bg7 4. e4 d6 5. Bd3 0-0 6. Nge2 Nc6 7. f3 e5 8. d5 Nd4 9. Bg5 h6 10. Bh4 c5 11. Nxd4 exd4 12. Ne2 Qe8 13. Bg3 Qe7 14. Qd2 Bd7 15. Bh4 a6 16. g4 b5 17. b3 Rae8 18. Bg3 Bxg4 19. fxg4 Nxe4 20. Bxe4 Qxe4 21. 0-0-0 Qxe2 22. Bxd6 bxc4 23. Qxe2 Rxe2 24. Bxf8 cxb3 25. axb3 Bxf8 26. Rde1 Rg2 27. Re8 Kg7 28. h3 Bd6 29. Rd8 Bf4+ 30. Kb1 d3 31. Rd1 d2 32. Kc2 Rg3 33. d6 Kf6 34. Rf1 g5 35. Re8 d1Q+ 36. Rxd1 Rg2+ 37. Kb1 Rg3 38. d7 Bc7 39. Rd6+ 1-0

[Event "Valencia Region-ch Primera"]
[Site "Valencia"]
[Date "2015.11.07"]
[Round "5.2"]
[White "Raimundo Medina, Fermin"]
[Black "Morales Gimenez, Juan Carlos"]
[Result "1-0"]
[WhiteElo "1795"]
[BlackElo "1713"]
[PlyCount "34"]
[EventDate "2015.10.03"]
[EventType "swiss"]
[EventRounds "7"]
[EventCountry "ESP"]
[SourceTitle "EXT 2024"]
[Source "ChessBase"]
[SourceDate "2023.10.10"]
[SourceVersion "1"]
[SourceVersionDate "2023.10.10"]
[SourceQuality "1"]

1. e4 c6 2. d4 d5 3. exd5 cxd5 4. c4 Nf6 5. Nc3 Nc6 6. Bg5 dxc4 7. d5 Ne5 8. Bxc4 Nxc4 9. Qa4+ Bd7 10. Qxc4 Rc8 11. Qd4 a6 12. Nf3 Qa5 13. 0-0 Qc5 14. Qd2 h6 15. Bxf6 gxf6 16. Ne4 Qc2 17. Qe3 f5 1-0

[Event "Provincial-ch Valencia Primera"]
[Site "Valencia"]
[Date "2014.11.15"]
[Round "6.7"]
[White "Gonzalvez Tamarit, Ruben"]
[Black "Raimundo Medina, Fermin"]
[Result "1-0"]
[WhiteElo "1821"]
[BlackElo "1740"]
[PlyCount "99"]
[EventDate "2014.09.27"]
[EventType "swiss"]
[EventRounds "7"]
[EventCountry "ESP"]
[SourceTitle "EXT 2024"]
[Source "ChessBase"]
[SourceDate "2023.10.10"]
[SourceVersion "1"]
[SourceVersionDate "2023.10.10"]
[SourceQuality "1"]

1. e4 c5 2. Nf3 d6 3. d4 cxd4 4. Nxd4 Nf6 5. Nc3 a6 6. f3 b5 7. Be3 e6 8. Qd2 Bb7 9. g4 h6 10. 0-0-0 Nbd7 11. h4 b4 12. Nce2 d5 13. exd5 Nxd5 14. Bf2 Be7 15. Kb1 Rc8 16. Ng3 N7b6 17. Nh5 Kf8 18. Nf4 Qd6 19. Bg3 Nxf4 20. Qxf4 Qxf4 21. Bxf4 Nd5 22. Bg3 Ne3 23. Re1 Nxg4 24. Bxa6 Bxa6 25. fxg4 Rc4 26. Rd1 Bf6 27. Bd6+ Kg8 28. Nb3 Rxg4 29. Nc5 Be2 30. Rd2 Bf3 31. Rf1 Rxh4 32. Nd3 Kh7 33. Rxf3 Rh1+ 34. Nc1 e5 35. Rfd3 e4 36. Rd1 exd3 37. Rxh1 d2 38. Nd3 Re8 39. Bxb4 Re2 40. c4 Bh4 41. Rd1 Bg5 42. Kc2 f5 43. c5 Re6 44. Bxd2 Bxd2 45. Kxd2 g5 46. b4 f4 47. b5 f3 48. c6 Re2+ 49. Kc3 Rxa2 50. c7 1-0

[Event "Alzira op"]
[Site "Alzira"]
[Date "2014.08.25"]
[Round "6"]
[White "Roca Cruz, Rafael"]
[Black "Raimundo Medina, Fermin"]
[Result "1-0"]
[WhiteElo "1950"]
[BlackElo "1764"]
[PlyCount "33"]
[EventDate "2014.08.22"]
[EventType "swiss"]
[EventRounds "9"]
[EventCountry "ESP"]
[SourceTitle "EXT 2016"]
[Source "ChessBase"]
[SourceDate "2015.10.08"]
[SourceVersion "1"]
[SourceVersionDate "2015.10.08"]
[SourceQuality "1"]

1. d4 d5 2. c4 e6 3. Nf3 c5 4. cxd5 exd5 5. Bg5 Nf6 6. Bxf6 Qxf6 7. Nc3 Be6 8. e4 cxd4 9. Bb5+ Nd7 10. Bxd7+ Bxd7 11. Nxd5 Qd8 12. Qxd4 Qa5+ 13. b4 Qd8 14. Qe5+ Be7 15. Qxg7 Rf8 16. Qe5 Rc8 17. Nf6# 1-0

[Event "Provincial-ch Valencia Primera"]
[Site "Valencia"]
[Date "2013.11.09"]
[Round "5"]
[White "Moreno Vicente, Jesus Miguel"]
[Black "Raimundo Medina, Fermin"]
[Result "1/2-1/2"]
[WhiteElo "1833"]
[BlackElo "1759"]
[PlyCount "109"]
[EventDate "2013.10.05"]
[EventType "swiss"]
[EventRounds "7"]
[EventCountry "ESP"]
[SourceTitle "EXT 2024"]
[Source "ChessBase"]
[SourceDate "2023.10.10"]
[SourceVersion "1"]
[SourceVersionDate "2023.10.10"]
[SourceQuality "1"]

1. d4 d5 2. c4 e6 3. Nf3 c5 4. Nc3 Nc6 5. cxd5 exd5 6. g3 Nf6 7. Bg2 Be7 8. 0-0 0-0 9. Bg5 cxd4 10. Nxd4 h6 11. Be3 Re8 12. Qa4 Bd7 13. Rfd1 Nb4 14. Qb3 a5 15. a4 Be6 16. Nxe6 fxe6 17. Bd4 Qd7 18. e4 Rad8 19. Bb6 Ra8 20. exd5 exd5 21. Nxd5 Nfxd5 22. Bxd5+ Nxd5 23. Rxd5 Qe6 24. Rb5 Qxb3 25. Rxb3 Bb4 26. Rd1 Ra6 27. Be3 Re7 28. Rd5 Rf6 29. Rbd3 Rff7 30. Kg2 Kh7 31. Bc5 Bxc5 32. Rxc5 Re2 33. Rf3 Rxf3 34. Kxf3 Rxb2 35. Rxa5 Rb4 36. h4 Kg6 37. g4 Rb3+ 38. Kf4 Rb4+ 39. Kg3 Rb3+ 40. f3 Rb4 41. h5+ Kh7 42. Rb5 Rxa4 43. Rxb7 Rc4 44. Rb6 Rd4 45. Rg6 Rb4 46. g5 hxg5 47. Rxg5 Kh6 48. Rg6+ Kh7 49. f4 Rb1 50. Rg5 Kh6 51. Kg4 Rg1+ 52. Kf5 Rxg5+ 53. fxg5+ Kxh5 54. Kf4 g6 55. Kf3 1/2-1/2

[Event "Provincial-ch Valencia Primera"]
[Site "Valencia"]
[Date "2013.10.26"]
[Round "3"]
[White "Coves Tomas, Bernardo"]
[Black "Raimundo Medina, Fermin"]
[Result "0-1"]
[WhiteElo "1865"]
[BlackElo "1759"]
[PlyCount "64"]
[EventDate "2013.10.05"]
[EventType "swiss"]
[EventRounds "7"]
[EventCountry "ESP"]
[SourceTitle "EXT 2024"]
[Source "ChessBase"]
[SourceDate "2023.10.10"]
[SourceVersion "1"]
[SourceVersionDate "2023.10.10"]
[SourceQuality "1"]

1. d4 d5 2. c4 e6 3. Nf3 c5 4. Nc3 Nc6 5. cxd5 exd5 6. e3 Nf6 7. Bd3 cxd4 8. exd4 Bb4 9. Bd2 Bg4 10. Qe2+ Be7 11. Be3 0-0 12. a3 Re8 13. h3 Bh5 14. g4 Bg6 15. Bxg6 hxg6 16. 0-0 Qd7 17. Nh2 Bd6 18. Qf3 Rad8 19. Rad1 Ne4 20. Rd3 Qc7 21. Qg2 a6 22. f3 Nxc3 23. Rxc3 Bf4 24. Bf2 Re2 25. b4 Rde8 26. h4 Rd2 27. Qh3 Ree2 28. g5 Bxh2+ 29. Qxh2 Qxh2+ 30. Kxh2 Rxf2+ 31. Rxf2 Rxf2+ 32. Kg3 Re2 0-1

[Event "Mislata op-C"]
[Site "Mislata"]
[Date "2010.08.17"]
[Round "2"]
[White "Raimundo Medina, Fermin"]
[Black "Cerdan Herraez, Manuel Vicente"]
[Result "0-1"]
[WhiteElo "1627"]
[BlackElo "1886"]
[PlyCount "106"]
[EventDate "2010.08.16"]
[EventType "swiss"]
[EventRounds "9"]
[EventCountry "ESP"]
[SourceTitle "EXT 2012"]
[Source "ChessBase"]
[SourceDate "2011.11.24"]
[SourceVersion "1"]
[SourceVersionDate "2011.11.24"]
[SourceQuality "1"]

1. e4 e5 2. Nf3 d6 3. d4 Bg4 4. dxe5 Bxf3 5. Qxf3 dxe5 6. Bc4 Qe7 7. Qb3 Qb4+ 8. Bd2 Qxb3 9. Bxb3 Nf6 10. Nc3 Bb4 11. Nb5 Bxd2+ 12. Kxd2 Na6 13. Rae1 0-0 14. f3 c6 15. Nc3 Nc5 16. Bc4 b5 17. Bd3 Rfd8 18. Ke3 a5 19. Rd1 b4 20. Ne2 Na4 21. b3 Nb6 22. Rd2 g6 23. Rhd1 Rd6 24. c3 Rad8 25. Bc2 Rxd2 26. Rxd2 Rxd2 27. Kxd2 c5 28. cxb4 axb4 29. Bd3 Nfd7 30. h4 f6 31. g4 h6 32. h5 Kg7 33. hxg6 Kxg6 34. Ng3 Nf8 35. Nf5 Ne6 36. Ne7+ Kg5 37. Nd5 Nc8 38. Bb5 Nd6 39. Bd7 Nf4 40. Ke3 c4 41. Nxb4 cxb3 42. axb3 h5 43. gxh5 Kxh5 44. Nd5 Nxd5+ 45. exd5 f5 46. Kd3 Kg5 47. b4 Kf4 48. Ke2 e4 49. b5 exf3+ 50. Kf2 Ne4+ 51. Kf1 Ke3 52. Bxf5 Ng3+ 53. Kg1 Nxf5 0-1

[Event "Valencia Autonomico Norte-A"]
[Site "Valencia"]
[Date "2009.01.24"]
[Round "3.8"]
[White "Raimundo Medina, Fermin"]
[Black "Medina Calero, Francisco"]
[Result "0-1"]
[WhiteElo "1654"]
[BlackElo "1843"]
[PlyCount "92"]
[EventDate "2009.01.10"]
[EventType "team-tourn"]
[EventRounds "5"]
[EventCountry "ESP"]
[SourceTitle "EXT 2011"]
[Source "ChessBase"]
[SourceDate "2010.11.26"]
[SourceVersion "1"]
[SourceVersionDate "2010.11.26"]
[SourceQuality "1"]

1. e4 e5 2. Nf3 Nc6 3. Bc4 Be7 4. d4 exd4 5. Nxd4 Nf6 6. Nxc6 dxc6 7. Nc3 Qxd1+ 8. Nxd1 Nxe4 9. 0-0 Nd6 10. Bd3 0-0 11. b3 Bf6 12. Bb2 Bxb2 13. Nxb2 Be6 14. Na4 b6 15. Nc3 Rad8 16. Rfe1 Rfe8 17. Re2 Bd7 18. Rae1 Re6 19. Ne4 Nxe4 20. Rxe4 Rde8 21. R1e3 Rxe4 22. Rxe4 Rxe4 23. Bxe4 f5 24. Bd3 Kf7 25. f4 b5 26. Kf2 Ke6 27. c4 Kd6 28. a3 Kc5 29. Ke3 a5 30. Kd2 Kd4 31. g3 a4 32. bxa4 bxa4 33. h3 g6 34. c5 Kxc5 35. Kc3 Kd5 36. Bc4+ Ke4 37. Kb4 Kd4 38. Be2 c5+ 39. Ka5 c4 40. Kb4 c5+ 41. Ka5 c3 42. Bd1 Kd3 43. g4 c2 44. Bxc2+ Kxc2 45. gxf5 gxf5 46. h4 c4 0-1